000 00764cam a22002773a 4500
001 26843
003 PGUSA
005 20140828083559.0
008 081008s2008||||xxu|||||s|||||000 1 eng d
040 _aPGUSA
_beng
042 _adc
050 4 _aPS
100 1 _aSharkey, Jack,
_d1931-
245 1 4 _aThe Dope on Mars
_h[electronic resource] /
_cJack Sharkey
260 _bProject Gutenberg,
_c2008
506 _aPublic domain in the USA.
516 _aElectronic text
653 _aMars (Planet) -- Fiction
653 _aScience fiction
653 _aShort stories
653 _aSpace flight -- Fiction
700 1 _aWood, Wallace,
_d1927-1981
830 0 _aProject Gutenberg
_v26843
856 4 0 _uhttp://www.gutenberg.org/ebooks/26843
942 _cEB
999 _c256098
_d256098